000 01867cam a2200193 4500500
005 20251228074145.0
041 _afre
042 _adc
100 1 0 _aBouchard, Marie J.
_eauthor
700 1 0 _aEvers, Adalbert
_eauthor
700 1 0 _aFraisse, Laurent
_eauthor
245 0 0 _aConcevoir l’innovation sociale dans une perspective de transformation
260 _c2015.
500 _a65
520 _aDepuis 2010, des responsables de communication interne participent chaque année à des sessions de formation proposées par l’ afci (Association française de communication interne) sur l’apport des sciences humaines et sociales à la communication, ainsi qu’à des groupes d’analyse de pratiques. Rencontrant un certain succès de participation, ces démarches qui s’appuient sur les sciences sociales traduisent à la fois des attentes nouvelles de la part des communicants au-delà des seuls savoir-faire de métier, et des questionnements sur leurs pratiques professionnelles en entreprises confrontées à des tensions et des contradictions.
520 _aSince 2010 internal communications managers have been attending training sessions offered by the AFCI (French association for internal comms professionals). These sessions focused on human and socials sciences’ contribution to communication and included working sessions to analyse professional practices. The success of these initiatives fed by social sciences clearly highlights new participants’ expectations that go beyond professional know how. It also shows that internal Communications managers are currently questioning their practices in companies facing tensions and contradictions.
786 0 _nSociologies pratiques | 31 | 2 | 2015-10-14 | p. 9-14 | 1235-9278
856 4 1 _uhttps://shs.cairn.info/revue-sociologies-pratiques-2015-2-page-9?lang=fr&redirect-ssocas=7080
999 _c1596980
_d1596980